Statistics for Missing Words #3 - Geography

Click here to take the quiz!

General Stats

  • This quiz has been taken 195 times
  • The average score is 15 of 20

Answer Stats

Name% Correct
{Las} Vegas
100%
{New} Zealand
100%
Adriatic {Sea}
97%
Niagara {Falls}
97%
Burkina {Faso}
95%
Solomon {Islands}
95%
{Saint} Petersburg
94%
Central {African} Republic
93%
{Prince} Edward Island
89%
{Des} Moines
86%
Antigua and {Barbuda}
84%
{Port} Moresby
76%
Newcastle {upon} Tyne
75%
{Dar} es Salaam
74%
Quebec {City}
74%
{Palma} de Mallorca
50%
Frankfurt am {Main}
43%
Australian {Capital} Territory
36%
Castile and {León}
27%
{Reggio} di Calabria
16%

Score Distribution

Percentile by Number Answered

Percent of People with Each Score

Your Score History

You have not taken this quiz